Managing complications in pregnancy and childbirth (Record no. 2467)
[ view plain ]
| 000 -LEADER | |
|---|---|
| fixed length control field | 00772nam a22001937a 4500 |
| 003 - CONTROL NUMBER IDENTIFIER | |
| control field | OSt |
| 005 - DATE AND TIME OF LATEST TRANSACTION | |
| control field | 20210712071157.0 |
| 008 - FIXED-LENGTH DATA ELEMENTS--GENERAL INFORMATION | |
| fixed length control field | 210712b ||||| |||| 00| 0 eng d |
| 020 ## - INTERNATIONAL STANDARD BOOK NUMBER | |
| International Standard Book Number | 978924154877 |
| 040 ## - CATALOGING SOURCE | |
| Transcribing agency | ALUPE UNIVERSITY |
| 050 ## - LIBRARY OF CONGRESS CALL NUMBER | |
| Classification number | RG572 |
| Item number | .M36 2003 |
| 100 ## - MAIN ENTRY--PERSONAL NAME | |
| Personal name | Organizzazione mondiale della sanità. Dipartimento per la ricerca e la salute riproduttiva. |
| 245 ## - TITLE STATEMENT | |
| Title | Managing complications in pregnancy and childbirth |
| Remainder of title | a guide for midwives and doctors. |
| 250 ## - EDITION STATEMENT | |
| Edition statement | Print book : |
| Remainder of edition statement | English |
| 260 ## - PUBLICATION, DISTRIBUTION, ETC. | |
| Place of publication, distribution, etc. | Geneva |
| Name of publisher, distributor, etc. | : Department of reproductive health and research family and community health, World health organization, |
| Date of publication, distribution, etc. | c2003. |
| 300 ## - PHYSICAL DESCRIPTION | |
| Extent | 365 p |
| 650 ## - SUBJECT ADDED ENTRY--TOPICAL TERM | |
| Source of heading or term | GRAVIDANZA -- Complicanze. Gravidanza -- Complicanze |
| 942 ## - ADDED ENTRY ELEMENTS (KOHA) | |
| Source of classification or shelving scheme | |
| Koha item type | Book |
| Suppress in OPAC | DO |
| Withdrawn status | Lost status | Source of classification or shelving scheme | Damaged status | Not for loan | Permanent Location | Current Location | Shelving location | Date acquired | Total Checkouts | Full call number | Barcode | Date last seen | Copy number | Price effective from | Koha item type | Public note |
|---|---|---|---|---|---|---|---|---|---|---|---|---|---|---|---|---|
| AU LIBRARY | AU LIBRARY | Open Shelf | 12.07.2021 | RG572 .M36 2003 C1 | 28003501 | 12.07.2021 | 1 | 12.07.2021 | Book | DO | ||||||
| AU LIBRARY | AU LIBRARY | Open Shelf | 12.07.2021 | RG572 .M36 2003 C2 | 28003502 | 12.07.2021 | 2 | 12.07.2021 | Book | DO |